| 000 | 00360nam a2200133Ia 4500 | ||
|---|---|---|---|
| 008 | 220217s9999||||xx |||||||||||||| ||und|| | ||
| 020 | _a0-07-058814-7 | ||
| 082 | _a621.3815 KHA | ||
| 100 |
_aKhandpur, R. S _95810 |
||
| 245 | 0 | _aPrinted circuit boards | |
| 260 |
_aTata mcgraw hill company Ltd _bNew Delhi _c2005 |
||
| 300 | _b410 | ||
| 650 | _aCIRCUITRY | ||
| 999 |
_c176973 _d176973 |
||